Normal view
MARC view
Entry Personal Name
001 - CONTROL NUMBER
- control field: 41089
003 - CONTROL NUMBER IDENTIFIER
- control field: ARRUPE
005 - DATE AND TIME OF LATEST TRANSACTION
- control field: 20180327093816.0
008 - FIXED-LENGTH DATA ELEMENTS
- fixed length control field: 180327|| aca||aabn | a|a d
040 ## - CATALOGING SOURCE
- Original cataloging agency: ARRUPE
- Transcribing agency: ARRUPE
100 ## - HEADING--PERSONAL NAME
- Personal name: Coghill, Nevill,
- Dates associated with a name: 1899-1980.
670 ## - SOURCE DATA FOUND
- Source citation: Work cat.: (ARRUPE)0: Chaucer, Geoffrey, -1400. 20532, Prologue to the Canterbury tales., 1972